01066nam a2200193 a 4500008004100000020001800041050002500059110006400084245012700148260008000275300003200355650006200387650005100449650001600500650006200516995014600578999001700724952013100741180925s2017 ||||||||||||||||| || u a9789211129120 aUNCTAD(058)IARI/2017 aUnited Nations Conference on Trade and Development (UNCTAD)10aInternational accounting and reporting issues, 2015 reviewcby United Nations Conference on Trade And Development (UNCTAD) aNew YorkbUnited Nations Conference on Trade and Development (UNCTAD)c2017 aix, 50 pages : illustration aINTERNATIONAL BUSINESS ENTERPRISES--ACCOUNTING PERIODICAL aINTERNATIONAL BUSINESS ENTERPRISES--ACCOUNTING aACCOUNTANCY aINTERNATIONAL BUSINESS ENTERPRISES--ACCOUNTING--STANDARDS FCBU-MAIN LIBRARY (Kitwe)M1UAVAILABLEWSep 25, 2018XUnited Nations Conference on Trade And Development (UNCTAD)ZInternational Publications c47271d47271 00102lcc4070a001b001cInternational Publicationsd2022-11-30l0oUNCTAD(058)IARI/2017pB3774r2022-11-30w2022-11-30y002